000 01269nam a22003617a 4500
003 CHAP
005 20220329141307.0
008 971010s1983 r 00010 d
010 _a65928
011 _a66900
035 _a75885
040 _cCHAP
090 _aTesis
100 0 0 _aPineda Meléndez, Gabriel.
_988162
245 1 _aControl químico de las plagas y enfermedades más comúnes del maguey pulquero Agave atrovirens Karw
260 _aChapingo, Méx. :
_bEl autor,
_c1983
300 _a81 h.
_b: ilus. ; láms.
502 _aTesis (Ing. Agr. Esp. en Parasitología Agrícola) -- UACH. Departamento de de Parasitología Agrícola
590 _aALEPH
_b10
_c20130110
_lUCH01
_h1359
590 _aBATCH-UPD
_b10
_c20130110
_lUCH01
_h0432
590 _aBATCH-UPD
_b10
_c20130410
_lUCH01
_h0107
590 _aBATCH-UPD
_b10
_c20130914
_lUCH01
_h1042
590 _aCONVERSION
_b10
_c20130109
_lUCH01
_h1336
650 1 4 _aAgave
_xEnfermedades.
_91075
650 1 4 _aAgave
_xPlagas.
_91086
650 1 4 _aControl de plagas.
_927595
650 1 4 _aPesticidas.
_987536
901 _aBK
942 _cFOLL
949 _bBC
_cTES
_d-126349
_eTS1
_i75885
_si
949 _bBC
_cTES
_d-126350
_eTS2
_fc.2
_i75885
_si
949 _bBC
_cTES
_d33724000934824
_eTS2
_fc.3
_h21886
_i75885
_si
999 _c65928
_d65928